<?xml version="1.0" encoding="UTF-8"?>
<record
    xmlns:xsi="http://www.w3.org/2001/XMLSchema-instance"
    xsi:schemaLocation="http://www.loc.gov/MARC21/slim http://www.loc.gov/standards/marcxml/schema/MARC21slim.xsd"
    xmlns="http://www.loc.gov/MARC21/slim">

  <leader>01673nam a2200205 a 4500</leader>
  <controlfield tag="008">161215e1994    ag  |||g |||| 00| 1 spa d</controlfield>
  <datafield tag="020" ind1=" " ind2=" ">
    <subfield code="a">9506000247</subfield>
  </datafield>
  <datafield tag="041" ind1=" " ind2=" ">
    <subfield code="a">spa</subfield>
  </datafield>
  <datafield tag="092" ind1=" " ind2=" ">
    <subfield code="c">809.1</subfield>
    <subfield code="l">81</subfield>
    <subfield code="s">STE</subfield>
  </datafield>
  <datafield tag="100" ind1="1" ind2=" ">
    <subfield code="a">Stevenson, R. L.</subfield>
    <subfield code="9">3213</subfield>
  </datafield>
  <datafield tag="245" ind1=" " ind2=" ">
    <subfield code="a">F&#xE1;bulas /</subfield>
    <subfield code="c">R. L. Stevenson</subfield>
  </datafield>
  <datafield tag="250" ind1=" " ind2=" ">
    <subfield code="a">1a ed.</subfield>
    <subfield code="b">Pr&#xF3;logo Jorge Luis Borges</subfield>
  </datafield>
  <datafield tag="260" ind1=" " ind2=" ">
    <subfield code="a">Buenos Aires: </subfield>
    <subfield code="b">Legasa;</subfield>
    <subfield code="c">1994.</subfield>
  </datafield>
  <datafield tag="300" ind1=" " ind2=" ">
    <subfield code="a">117 p.</subfield>
  </datafield>
  <datafield tag="500" ind1=" " ind2=" ">
    <subfield code="a">Stevenson, R. L. (1994). F&#xE1;bulas. (1a ed.) Buenos Aires : Losada.</subfield>
  </datafield>
  <datafield tag="505" ind1=" " ind2=" ">
    <subfield code="a">La vida de Stevenson estuvo signada por la enfermedad, los viajes y una copiosa obra escrita, que ya antes de su temprana muerte lo hab&#xED;an convertido en figura legendaria. Nacido en Edimburgo en 1850, Robert Louis Stevenson abandon&#xF3; los estudios de ingenier&#xED;a -la senda familiar- y aunque se recibi&#xF3; de abogado nunca ejerci&#xF3; la carrera. Acosado por tuberculosis, busc&#xF3; alivio en la Costa Azul, el pa&#xED;s vasco franc&#xE9;s, Par&#xED;s, Suiza y los Estados Unidos. A mediados de 1888 emprende un largo viaje por los Mares del Sur, hasta fijar finalmente su residencia en Samoa, cerca de cuya capital construye su "casa de los cinco r&#xED;os" (Vailima). All&#xED; muere en 1894, rodeado del respecto de los lugare&#xF1;os, que lo llamaban Tusitala "el que cuenta historias". La isla del tesoro, flecha negra, el extra&#xF1;o caso del Dr. Jekyll y Mr. Hyde se cuentan entre sus obras mas conocidas. En la vasta producci&#xF3;n de Stevenson, F&#xE1;bulas -seg&#xFA;n Borges- "es un libro lateral, una breve y secreta obra maestra. Aqu&#xED; tambi&#xE9;n est&#xE1;n su imaginaci&#xF3;n, su coraje y su gracia".  </subfield>
  </datafield>
  <datafield tag="590" ind1=" " ind2=" ">
    <subfield code="a">Proyecto 4to libro. Donaci&#xF3;n Constanzo, Juan Carlos</subfield>
  </datafield>
  <datafield tag="655" ind1=" " ind2=" ">
    <subfield code="a">Fabulas</subfield>
    <subfield code="9">3214</subfield>
  </datafield>
  <datafield tag="942" ind1=" " ind2=" ">
    <subfield code="2">ddc</subfield>
    <subfield code="c">LIT</subfield>
  </datafield>
  <datafield tag="999" ind1=" " ind2=" ">
    <subfield code="c">2393</subfield>
    <subfield code="d">2393</subfield>
  </datafield>
  <datafield tag="952" ind1=" " ind2=" ">
    <subfield code="0">0</subfield>
    <subfield code="1">0</subfield>
    <subfield code="2">ddc</subfield>
    <subfield code="4">0</subfield>
    <subfield code="7">0</subfield>
    <subfield code="8">FIC</subfield>
    <subfield code="a">BFM</subfield>
    <subfield code="b">BFM</subfield>
    <subfield code="c">CR</subfield>
    <subfield code="d">2017-03-06</subfield>
    <subfield code="e">Donacion Constanzo, Juan Carlos. Marzo 2017</subfield>
    <subfield code="l">1</subfield>
    <subfield code="o">809.1 81 STE</subfield>
    <subfield code="p">3838</subfield>
    <subfield code="r">2023-03-10</subfield>
    <subfield code="s">2022-12-02</subfield>
    <subfield code="t">Ej.1</subfield>
    <subfield code="w">2017-03-06</subfield>
    <subfield code="y">LIT</subfield>
    <subfield code="z">Proyecto 4to libro. Donaci&#xF3;n Constanzo Juan C.</subfield>
  </datafield>
</record>
